000 00465nam a2200217 454500
001 083202
003 BD-ChCU
008 Eng
020 _ax
040 _aDLC
_cDLC
_dBD-ChCU
082 0 0 _a531.38/NAI
100 1 _aNadeau,Gerard.
_bx
245 1 0 _aIntroduction to elasticity.
_bx
250 _ax
260 _aN.Y.
_bHolt,
_c1964
300 _axii,285p.
504 _a
650 0 _aArthmatics,
_bArthmatics,
700 1 _ax
942 _2ddc
_cBK
999 _c83202
_d83202